| 000 | 00469cam a2200181ua 4500 | ||
|---|---|---|---|
| 020 | _c200.00 | ||
| 041 |
_aeng _h |
||
| 082 |
_a633.72 _bBAL/TE |
||
| 100 | _aBalasubramanian, . | ||
| 245 |
_aTea in India / _cBalasubramanian. _hTextual Documents |
||
| 250 |
_a1 / _b. |
||
| 260 |
_a : _bPublications & Information directorate and wiley eastern Ltd , _c1995. |
||
| 300 | _a126 ; . | ||
| 365 | _a200.00 | ||
| 504 | _a | ||
| 942 | _cBK | ||
| 999 |
_c1298 _d1298 |
||